MATLAB simulations for radar systems design-(E-BOOK) (Record no. 191551)

000 -LEADER
fixed length control field 01245 a2200241 4500
003 - CONTROL NUMBER IDENTIFIER
control field Nust
005 - DATE AND TIME OF LATEST TRANSACTION
control field 20170207154018.0
010 ## - LIBRARY OF CONGRESS CONTROL NUMBER
LC control number 2003065397
020 ## - INTERNATIONAL STANDARD BOOK NUMBER
International Standard Book Number 1-58488-392-8 (alk. paper)
035 ## - SYSTEM CONTROL NUMBER
System control number (DLC) 2003065397
040 ## - CATALOGING SOURCE
Transcribing agency Nust
082 00 - DEWEY DECIMAL CLASSIFICATION NUMBER
Classification number 621.3848/01/13
100 1# - MAIN ENTRY--PERSONAL NAME
Personal name Mahafza, Bassem R.
245 10 - TITLE STATEMENT
Title MATLAB simulations for radar systems design-(E-BOOK)
Statement of responsibility, etc. Bassem R. Mahafza, Atef Z. Elsherbeni.
260 ## - PUBLICATION, DISTRIBUTION, ETC.
Place of publication, distribution, etc. Boca Raton, FL :
Name of publisher, distributor, etc. CRC Press/Chapman & Hall,
Date of publication, distribution, etc. 2004
300 ## - PHYSICAL DESCRIPTION
Extent 682 p. :
Other physical details ill.
505 ## - FORMATTED CONTENTS NOTE
Formatted contents note Chapter 1 Introduction to Radar Basics, Chapter 2 Radar Detection, Chapter 3 Radar Waveforms, Chapter 4 The Radar Ambiguity Function, Chapter 5 Pulse Compression, Chapter 6 Surface and Volume Clutter, Chapter 7 Moving Target Indicator (MTI) and Clutter Mitigation, Chapter 8 Phased Arrays, Chapter 9 Target Tracking, Chapter 10 Electronic Countermeasures (ECM), Chapter 11 Radar Cross Section (RCS), Chapter 12 High Resolution Tactical Synthetic Aperture Radar (TSAR), Chapter 13 Signal Processing,
650 #0 - SUBJECT ADDED ENTRY--TOPICAL TERM
Topical term or geographic name entry element MATLAB
650 #0 - SUBJECT ADDED ENTRY--TOPICAL TERM
Topical term or geographic name entry element Radar
General subdivision Computer simulation.
650 #0 - SUBJECT ADDED ENTRY--TOPICAL TERM
Topical term or geographic name entry element Radar
General subdivision datorsimulering
650 #0 - SUBJECT ADDED ENTRY--TOPICAL TERM
Topical term or geographic name entry element Radar
General subdivision Equipment and supplies
-- Design and construction
-- Data processing.
700 1# - ADDED ENTRY--PERSONAL NAME
Personal name Elsherbeni, Atef Z.
942 ## - ADDED ENTRY ELEMENTS (KOHA)
Source of classification or shelving scheme
Koha item type Book
Holdings
Withdrawn status Lost status Source of classification or shelving scheme Damaged status Not for loan Collection code Permanent Location Current Location Date acquired Total Checkouts Full call number Barcode Date last seen Price effective from Koha item type
            Military College of Signals (MCS) Military College of Signals (MCS) 12/12/2016   621.38480113 MAH MCSEB-749 12/08/2016 12/12/2016 Book
© 2023 Central Library, National University of Sciences and Technology. All Rights Reserved.